[Event "Bundesliga 1213"]
[Site "Germany"]
[Date "2012.10.21"]
[Round "2.7"]
[White "Mueller, Karsten"]
[Black "Gonda, Laszlo"]
[Result "1-0"]
[WhiteElo "2529"]
[BlackElo "2528"]
[PlyCount "83"]
[EventDate "2012.10.20"]
[EventType "team-tourn"]
[EventRounds "15"]
[EventCountry "GER"]
[SourceTitle "CBM 151"]
[Source "ChessBase"]
[SourceDate "2012.11.13"]
[SourceVersion "1"]
[SourceVersionDate "2012.11.13"]
[SourceQuality "1"]
[WhiteTeam "Hamburger SK"]
[BlackTeam "Trier"]
[WhiteTeamCountry "GER"]
[BlackTeamCountry "GER"]

1. e4 e5 2. Nf3 Nc6 3. Nc3 Nf6 4. d4 exd4 5. Nxd4 Bb4 6. Nxc6 bxc6 7. Bd3 d5 8. exd5 cxd5 9. 0-0 0-0 10. h3 c6 11. Qf3 Bd6 12. Bf4 Be6 13. Ne2 c5 14. c3 Rb8 15. b3 Re8 16. Rad1 Rb6 17. Rfe1 Bc8 18. Ng3 Bxf4 19. Rxe8+ Qxe8 20. Qxf4 Qe7 21. Bf5 Ba6 22. Qd2 g6 23. Re1 Qf8 24. Bc2 Re6 25. Rxe6 fxe6 26. Qf4 Qe7 27. Qe5 Kf7 28. h4 Nd7 29. Qf4+ Qf6 30. Qd6 Nb6 31. Qxc5 Qf4 32. Qe3 Qxh4 33. Qe5 Qf6 34. Qc7+ Qe7 35. Qb8 Kg7 36. a4 e5 37. b4 Bc4 38. a5 Qg5 39. Qxa7+ Kg8 40. Qb8+ Kg7 41. axb6 Qc1+ 42. Bd1 1-0

[Event "Bundesliga 1112"]
[Site "Germany"]
[Date "2011.12.10"]
[Round "6.6"]
[White "Mueller, Karsten"]
[Black "Naumann, Alexander"]
[Result "1/2-1/2"]
[WhiteElo "2534"]
[BlackElo "2546"]
[PlyCount "139"]
[EventDate "2011.10.14"]
[EventType "team-tourn"]
[EventRounds "15"]
[EventCountry "GER"]
[SourceTitle "CBM 146"]
[Source "ChessBase"]
[SourceDate "2012.01.18"]
[SourceVersion "1"]
[SourceVersionDate "2012.01.18"]
[SourceQuality "1"]
[WhiteTeam "Hamburger SK"]
[BlackTeam "Solingen"]
[WhiteTeamCountry "GER"]
[BlackTeamCountry "GER"]

1. e4 e5 2. Bc4 Nc6 3. Nc3 Nf6 4. d3 Bb4 5. Nf3 d6 6. 0-0 Bxc3 7. bxc3 Na5 8. Bb3 Nxb3 9. axb3 Bg4 10. Re1 Nd7 11. h3 Bxf3 12. Qxf3 0-0 13. d4 a6 14. Qg4 Qe7 15. Ba3 Qe6 16. Qg3 Rfe8 17. f4 exf4 18. Qxf4 Qg6 19. Qf3 c6 20. Re2 Re6 21. Rae1 Rae8 22. c4 h6 23. Bb2 R6e7 24. Qf4 c5 25. Re3 cxd4 26. Bxd4 Ne5 27. Rg3 Qe6 28. Bc3 Kh7 29. Qf2 f6 30. Rge3 Qf7 31. Rd1 Qe6 32. Qf5+ Qxf5 33. exf5 Nf7 34. Rxe7 Rxe7 35. Kf2 h5 36. Bb4 Re5 37. Rd5 g6 38. fxg6+ Kxg6 39. Rd3 Re6 40. Rg3+ Kh7 41. Re3 Ne5 42. Kg3 Kg6 43. Kf4 Kf7 44. Kg3 Kg6 45. Re1 Kf5 46. Rf1+ Kg6 47. Kh4 Nc6 48. Bc3 Re4+ 49. Kg3 Re3+ 50. Rf3 Rxf3+ 51. Kxf3 Kf5 52. Kg3 b5 53. cxb5 axb5 54. Kh4 Kg6 55. g4 hxg4 56. Kxg4 f5+ 57. Kf4 Nd8 58. Kg3 Ne6 59. Kh4 Ng5 60. Bb4 d5 61. Kg3 Ne6 62. Bd2 Nd4 63. Kf4 Nxc2 64. Ke5 d4 65. b4 d3 66. Kf4 Kh5 67. Kxf5 Kh4 68. Ke4 Kxh3 69. Kxd3 Nxb4+ 70. Bxb4 1/2-1/2

[Event "Bundesliga 1011"]
[Site "Germany"]
[Date "2010.10.10"]
[Round "2.5"]
[White "Luch, Michal"]
[Black "Mueller, Karsten"]
[Result "1/2-1/2"]
[WhiteElo "2385"]
[BlackElo "2525"]
[PlyCount "43"]
[EventDate "2010.10.09"]
[EventType "team-tourn"]
[EventRounds "15"]
[EventCountry "GER"]
[SourceTitle "EXT 2012"]
[Source "ChessBase"]
[SourceDate "2011.11.24"]
[SourceVersion "1"]
[SourceVersionDate "2011.11.24"]
[SourceQuality "1"]
[WhiteTeam "Delmenhorst"]
[BlackTeam "Hamburger SK"]
[WhiteTeamCountry "GER"]
[BlackTeamCountry "GER"]

1. d4 Nf6 2. c4 c5 3. d5 e6 4. Nc3 exd5 5. cxd5 d6 6. e4 g6 7. h3 Bg7 8. Bd3 0-0 9. Nf3 Nbd7 10. Bf4 Qe7 11. 0-0 Nh5 12. Bh2 Bh6 13. Re1 f6 14. Bf1 Ne5 15. g3 Bd7 16. Kg2 Qe8 17. Ng1 g5 18. Be2 Ng7 19. f4 Ng6 20. f5 Ne5 21. a4 a6 22. a5 1/2-1/2

[Event "Bundesliga 0910"]
[Site "Germany"]
[Date "2010.02.07"]
[Round "9.6"]
[White "Mueller, Karsten"]
[Black "Schoene, Maria"]
[Result "1-0"]
[WhiteElo "2523"]
[BlackElo "2274"]
[PlyCount "45"]
[EventDate "2009.10.16"]
[EventType "team-tourn"]
[EventRounds "15"]
[EventCountry "GER"]
[SourceTitle "CBM 134 Extra"]
[Source "ChessBase"]
[SourceDate "2010.03.03"]
[SourceVersion "1"]
[SourceVersionDate "2010.03.03"]
[SourceQuality "1"]
[WhiteTeam "Hamburger SK"]
[BlackTeam "Erfurt"]
[WhiteTeamCountry "GER"]
[BlackTeamCountry "GER"]

1. d4 g6 2. e4 d6 3. Nc3 Nf6 4. f4 Bg7 5. Nf3 c5 6. Bb5+ Bd7 7. e5 Ng4 8. Bxd7+ Qxd7 9. d5 dxe5 10. h3 e4 11. hxg4 exf3 12. Qxf3 Na6 13. Bd2 0-0-0 14. 0-0-0 Nb4 15. Ne4 Qa4 16. Bxb4 cxb4 17. Kb1 h6 18. f5 g5 19. d6 Bf6 20. dxe7 Bxe7 21. f6 Bf8 22. Rxd8+ Kxd8 23. Nxg5 1-0

[Event "Bundesliga 0809"]
[Site "Germany"]
[Date "2009.03.01"]
[Round "13.5"]
[White "Mueller, Karsten"]
[Black "Seger, Ruediger"]
[Result "1-0"]
[WhiteElo "2517"]
[BlackElo "2394"]
[PlyCount "99"]
[EventDate "2008.10.03"]
[EventType "team-tourn"]
[EventRounds "15"]
[EventCountry "GER"]
[SourceTitle "CBM 128 Extra"]
[Source "ChessBase"]
[SourceDate "2009.03.05"]
[SourceVersion "2"]
[SourceVersionDate "2009.03.25"]
[SourceQuality "1"]
[WhiteTeam "Hamburger SK"]
[BlackTeam "Trier"]
[WhiteTeamCountry "GER"]
[BlackTeamCountry "GER"]

1. e4 c6 2. Nf3 d5 3. exd5 cxd5 4. Ne5 Nc6 5. d4 Nf6 6. Bb5 Bd7 7. Nxd7 Qxd7 8. c3 g6 9. Nd2 Bg7 10. 0-0 0-0 11. Re1 a6 12. Bd3 Qc7 13. Nf3 Nh5 14. g3 e5 15. dxe5 Nxe5 16. Nxe5 Bxe5 17. Bf1 Rad8 18. Bg5 Bf6 19. Bxf6 Nxf6 20. Qd4 Qc6 21. Bg2 Rd6 22. Rad1 Rfd8 23. Re2 b5 24. Re7 Re8 25. Rxe8+ Qxe8 26. Bf3 Qe6 27. Kg2 h5 28. Qf4 Rc6 29. Qg5 Rd6 30. Rd4 Kg7 31. Qf4 Rc6 32. Qg5 Rd6 33. Qd2 Qe5 34. h4 Qe6 35. Qg5 Rd7 36. Qf4 Rd6 37. Rd2 Qe7 38. Qd4 Kh7 39. a4 bxa4 40. c4 Qc7 41. cxd5 Qa5 42. Qf4 Qd8 43. Rc2 Kg8 44. Rc6 Ne8 45. Qxa4 Rxc6 46. dxc6 Nc7 47. Qb4 Kg7 48. Qf4 Qe7 49. Qd4+ Kg8 50. Kf1 1-0

[Event "Bundesliga 0809"]
[Site "Germany"]
[Date "2009.02.28"]
[Round "12.5"]
[White "Popovic, Petar"]
[Black "Mueller, Karsten"]
[Result "1/2-1/2"]
[WhiteElo "2489"]
[BlackElo "2517"]
[PlyCount "33"]
[EventDate "2008.10.03"]
[EventType "team-tourn"]
[EventRounds "15"]
[EventCountry "GER"]
[SourceTitle "CBM 128 Extra"]
[Source "ChessBase"]
[SourceDate "2009.03.05"]
[SourceVersion "2"]
[SourceVersionDate "2009.03.25"]
[SourceQuality "1"]
[WhiteTeam "Remagen"]
[BlackTeam "Hamburger SK"]
[WhiteTeamCountry "GER"]
[BlackTeamCountry "GER"]

1. e4 d5 2. exd5 Qxd5 3. Nc3 Qa5 4. d4 Nf6 5. Nf3 Bf5 6. Bd2 c6 7. Ne4 Qb6 8. Nxf6+ gxf6 9. b3 Nd7 10. Be2 Rg8 11. c3 e5 12. Be3 Qa5 13. 0-0 Qxc3 14. Rc1 Qa5 15. dxe5 fxe5 16. Ng5 Be7 17. h4 1/2-1/2

[Event "Bundesliga 0809"]
[Site "Germany"]
[Date "2008.12.13"]
[Round "8.6"]
[White "Levin, Felix"]
[Black "Mueller, Karsten"]
[Result "0-1"]
[WhiteElo "2536"]
[BlackElo "2517"]
[PlyCount "63"]
[EventDate "2008.10.03"]
[EventType "team-tourn"]
[EventRounds "15"]
[EventCountry "GER"]
[SourceTitle "CBM 127 Extra"]
[Source "ChessBase"]
[SourceDate "2009.01.08"]
[SourceVersion "2"]
[SourceVersionDate "2009.01.28"]
[SourceQuality "1"]
[WhiteTeam "Muelheim"]
[BlackTeam "Hamburger SK"]
[WhiteTeamCountry "GER"]
[BlackTeamCountry "GER"]

1. d4 Nf6 2. Nf3 c5 3. e3 g6 4. dxc5 Qa5+ 5. c3 Qxc5 6. b4 Qc7 7. Bb2 Nc6 8. a3 Bg7 9. c4 0-0 10. Nc3 b6 11. Qc2 Bb7 12. Nd5 Nxd5 13. cxd5 Bxb2 14. Qxb2 Nd8 15. Rc1 Qd6 16. Bc4 f6 17. 0-0 Nf7 18. Nd4 Ne5 19. e4 f5 20. Nb5 Qf6 21. Qe2 fxe4 22. Qxe4 Nxc4 23. Rxc4 e6 24. Nc7 Rac8 25. Qc2 exd5 26. Nxd5 Qf7 27. Rxc8 Rxc8 28. Nc3 Qc4 29. Rc1 Qg4 30. f3 Bxf3 31. Qd2 Bb7 32. Rc2 0-1

[Event "Bundesliga 0809"]
[Site "Germany"]
[Date "2008.10.26"]
[Round "4.5"]
[White "Shengelia, Davit"]
[Black "Mueller, Karsten"]
[Result "1-0"]
[WhiteElo "2547"]
[BlackElo "2517"]
[PlyCount "81"]
[EventDate "2008.10.03"]
[EventType "team-tourn"]
[EventRounds "15"]
[EventCountry "GER"]
[SourceTitle "CBM 126 Extra"]
[Source "ChessBase"]
[SourceDate "2008.11.05"]
[SourceVersion "1"]
[SourceVersionDate "2008.11.05"]
[SourceQuality "1"]
[WhiteTeam "Kreuzberg"]
[BlackTeam "Hamburger SK"]
[WhiteTeamCountry "GER"]
[BlackTeamCountry "GER"]

1. d4 Nf6 2. c4 c5 3. d5 e6 4. Nc3 exd5 5. cxd5 d6 6. Nf3 g6 7. Qa4+ Bd7 8. Qb3 Qc7 9. e4 Bg7 10. Bc4 0-0 11. 0-0 a6 12. a4 Bg4 13. Nd2 g5 14. e5 dxe5 15. Nde4 Nxe4 16. Nxe4 h6 17. h4 gxh4 18. Bxh6 Bxh6 19. Nf6+ Kg7 20. Nxg4 Nd7 21. Nxh6 Kxh6 22. d6 Qxd6 23. Rfd1 Qe7 24. Qxb7 Rad8 25. Rd2 h3 26. Ra3 h2+ 27. Kh1 e4 28. Rh3+ Kg7 29. Rg3+ Kh8 30. Qc7 Rg8 31. Rh3+ Kg7 32. Qf4 Qf6 33. Qxe4 Rde8 34. Rg3+ Kh6 35. Rh3+ Kg7 36. Qg4+ Kf8 37. Qxd7 Re1+ 38. Kxh2 Qf4+ 39. g3 Qxc4 40. Qd6+ Re7 41. Qh6+ 1-0

[Event "Bundesliga 0708"]
[Site "Germany"]
[Date "2008.04.19"]
[Round "14.4"]
[White "Tregubov, Pavel V"]
[Black "Mueller, Karsten"]
[Result "1-0"]
[WhiteElo "2609"]
[BlackElo "2515"]
[PlyCount "127"]
[EventDate "2007.10.20"]
[EventType "team-tourn"]
[EventRounds "15"]
[EventCountry "GER"]
[SourceTitle "CBM 124"]
[Source "ChessBase"]
[SourceDate "2008.05.28"]
[SourceVersion "1"]
[SourceVersionDate "2008.05.28"]
[SourceQuality "1"]
[WhiteTeam "Muelheim"]
[BlackTeam "Hamburger SK"]
[WhiteTeamCountry "GER"]
[BlackTeamCountry "GER"]

1. d4 Nf6 2. Nf3 c5 3. d5 e6 4. c4 exd5 5. cxd5 d6 6. Nc3 g6 7. Nd2 Nbd7 8. e4 Bg7 9. Be2 0-0 10. 0-0 Re8 11. Kh1 Ne5 12. Qe1 g5 13. Nc4 Nfg4 14. Bxg4 Bxg4 15. Nxe5 Bxe5 16. f4 gxf4 17. Bxf4 Bh5 18. Qg3+ Bg6 19. Rae1 a6 20. Nd1 Bf6 21. Nf2 h5 22. e5 dxe5 23. Bxe5 Bxe5 24. Rxe5 Qf6 25. Rfe1 Rxe5 26. Rxe5 Rd8 27. h3 Kf8 28. Qe3 b6 29. Qh6+ Kg8 30. Rxh5 Re8 31. Ng4 Re1+ 32. Kh2 Qd6+ 33. Ne5 Qf6 34. Ng4 Qd6+ 35. Ne5 Qf6 36. Nxg6 fxg6 37. Qh7+ Kf8 38. Qh8+ Qxh8 39. Rxh8+ Kf7 40. Rh7+ Kf6 41. Rb7 b5 42. Rb6+ Kf7 43. Rxa6 Re2 44. b3 b4 45. Kg3 Rd2 46. d6 Ke6 47. h4 Kf5 48. Rc6 Rd3+ 49. Kh2 Ke6 50. Rxc5 Rxd6 51. Rc4 Rd2 52. Rxb4 Rxa2 53. Kh3 Rd2 54. g3 Rd3 55. Kg4 Kf6 56. Rf4+ Kg7 57. b4 Rb3 58. Rc4 Kh6 59. Kf4 Rb1 60. Ke5 Kh5 61. Kd6 Rb3 62. Rc5+ Kh6 63. b5 Rxg3 64. b6 1-0

[Event "Bundesliga 0708"]
[Site "Germany"]
[Date "2008.04.05"]
[Round "12.6"]
[White "Mueller, Karsten"]
[Black "Orzech, Dominik"]
[Result "1/2-1/2"]
[WhiteElo "2515"]
[BlackElo "2483"]
[PlyCount "56"]
[EventDate "2007.10.20"]
[EventType "team-tourn"]
[EventRounds "15"]
[EventCountry "GER"]
[SourceTitle "CBM 124"]
[Source "ChessBase"]
[SourceDate "2008.05.28"]
[SourceVersion "1"]
[SourceVersionDate "2008.05.28"]
[SourceQuality "1"]
[WhiteTeam "Hamburger SK"]
[BlackTeam "Zehlendorf"]
[WhiteTeamCountry "GER"]
[BlackTeamCountry "GER"]

1. e4 c6 2. Nf3 d5 3. exd5 cxd5 4. Ne5 Nf6 5. d4 g6 6. Bb5+ Bd7 7. Nxd7 Nbxd7 8. 0-0 Bg7 9. c3 0-0 10. Re1 Ne4 11. Nd2 Nd6 12. Bd3 e5 13. dxe5 Nxe5 14. Nf3 Nxd3 15. Qxd3 Nc4 16. b3 Nb6 17. Be3 Re8 18. Bd4 Qd6 19. Bxg7 Kxg7 20. Qd4+ Qf6 21. Ne5 Rad8 22. Re3 Nc8 23. Rae1 Nd6 24. Rf3 Nf5 25. Qf4 h5 26. h3 h4 27. Rd3 Qd6 28. Rdd1 Re7 1/2-1/2

[Event "Bundesliga 0708"]
[Site "Germany"]
[Date "2008.03.08"]
[Round "10.4"]
[White "Mueller, Karsten"]
[Black "Naumann, Alexander"]
[Result "1-0"]
[WhiteElo "2515"]
[BlackElo "2548"]
[PlyCount "121"]
[EventDate "2007.10.20"]
[EventType "team-tourn"]
[EventRounds "15"]
[EventCountry "GER"]
[SourceTitle "CBM 123"]
[Source "ChessBase"]
[SourceDate "2008.04.02"]
[SourceVersion "1"]
[SourceVersionDate "2008.04.02"]
[SourceQuality "1"]
[WhiteTeam "Hamburger SK"]
[BlackTeam "Solingen"]
[WhiteTeamCountry "GER"]
[BlackTeamCountry "GER"]

1. e4 c6 2. Nf3 d5 3. exd5 cxd5 4. Ne5 Nc6 5. d4 Nf6 6. Bb5 Bd7 7. Nxd7 Qxd7 8. c3 e6 9. Nd2 Bd6 10. 0-0 Qc7 11. g3 0-0 12. f4 a6 13. Bd3 b5 14. a3 Qb6 15. Nf3 a5 16. Qe2 b4 17. a4 Qc7 18. Ne5 Rab8 19. Ra2 Ne7 20. Bd2 Qb7 21. Re1 bxc3 22. bxc3 Qc7 23. Qf3 Rb3 24. g4 Rfb8 25. g5 Bxe5 26. fxe5 Ne4 27. Bxe4 dxe4 28. Qxe4 Nd5 29. Rc2 Qc4 30. Rf1 Rb1 31. Be1 Qxa4 32. Rcf2 R1b7 33. Rf3 g6 34. Rh3 Qc4 35. Qh4 h5 36. gxh6 Kh7 37. Rhf3 Rf8 38. Qe4 f5 39. exf6 Rbf7 40. Qxe6 a4 41. Bg3 a3 42. Bd6 Qc6 43. c4 Nc7 44. Qe5 Re8 45. Qc5 Qe4 46. Rxa3 Ne6 47. Qd5 Qxd4+ 48. Kh1 Rxf6 49. Qxd4 Rxf1+ 50. Qg1 Rxg1+ 51. Kxg1 Rc8 52. Re3 Nd4 53. Bf4 Nf5 54. Re4 g5 55. Bxg5 Nd6 56. Re7+ Kg6 57. Rg7+ Kf5 58. c5 Ne4 59. Be3 Nf6 60. Bd4 Nh5 61. h7 1-0

[Event "Bundesliga 0708"]
[Site "Germany"]
[Date "2007.12.02"]
[Round "4.3"]
[White "Slobodjan, Roman"]
[Black "Mueller, Karsten"]
[Result "1/2-1/2"]
[WhiteElo "2547"]
[BlackElo "2515"]
[PlyCount "64"]
[EventDate "2007.10.20"]
[EventType "team-tourn"]
[EventRounds "15"]
[EventCountry "GER"]
[SourceTitle "CBM 123"]
[Source "ChessBase"]
[SourceDate "2008.04.02"]
[SourceVersion "1"]
[SourceVersionDate "2008.04.02"]
[SourceQuality "1"]
[WhiteTeam "Bindlach"]
[BlackTeam "Hamburger SK"]
[WhiteTeamCountry "GER"]
[BlackTeamCountry "GER"]

1. d4 Nf6 2. Nf3 c5 3. e3 g6 4. c4 Bg7 5. Nc3 0-0 6. Be2 cxd4 7. Nxd4 Nc6 8. 0-0 d6 9. b3 Nxd4 10. exd4 d5 11. Bf4 b6 12. Be5 Bb7 13. Bf3 e6 14. Qe2 Qd7 15. a4 Rfc8 16. Rfc1 dxc4 17. Bxb7 Qxb7 18. bxc4 Qc6 19. a5 Nd7 20. Bxg7 Kxg7 21. Ne4 bxa5 22. Rxa5 a6 23. h3 Rcb8 24. Qe3 Kg8 25. d5 exd5 26. Rxd5 Nf6 27. Nxf6+ Qxf6 28. c5 Re8 29. Qd4 Qxd4 30. Rxd4 Rac8 31. c6 Rc7 32. Rb4 Rec8 1/2-1/2

[Event "Bundesliga 0607"]
[Site "Germany"]
[Date "2007.02.25"]
[Round "11.5"]
[White "Mueller, Karsten"]
[Black "Hoffmann, Michael"]
[Result "1-0"]
[WhiteElo "2500"]
[BlackElo "2477"]
[PlyCount "51"]
[EventDate "2006.10.28"]
[EventType "team-tourn"]
[EventRounds "15"]
[EventCountry "GER"]
[SourceTitle "CBM 118"]
[Source "ChessBase"]
[SourceDate "2007.05.31"]
[SourceVersion "1"]
[SourceVersionDate "2007.05.31"]
[SourceQuality "1"]
[WhiteTeam "Hamburger SK"]
[BlackTeam "Solingen"]
[WhiteTeamCountry "GER"]
[BlackTeamCountry "GER"]

1. e4 e5 2. Nf3 Nc6 3. Bc4 Bc5 4. 0-0 Nf6 5. d4 exd4 6. e5 d5 7. exf6 dxc4 8. fxg7 Rg8 9. Re1+ Be6 10. Bg5 Be7 11. Bxe7 Kxe7 12. Nbd2 Qd5 13. b3 cxb3 14. axb3 Rxg7 15. Ne4 Rag8 16. g3 b6 17. Ra4 Rd8 18. Qc1 f6 19. Qf4 Rf7 20. c4 Qd7 21. Ra2 d3 22. Rd2 a5 23. Qh4 Qe8 24. Re3 Qg8 25. Nc3 Kd7 26. Qe4 1-0

[Event "Bundesliga 0607"]
[Site "Germany"]
[Date "2007.02.24"]
[Round "10.5"]
[White "Holzke, Frank"]
[Black "Mueller, Karsten"]
[Result "1/2-1/2"]
[WhiteElo "2461"]
[BlackElo "2500"]
[PlyCount "66"]
[EventDate "2006.10.28"]
[EventType "team-tourn"]
[EventRounds "15"]
[EventCountry "GER"]
[SourceTitle "CBM 118"]
[Source "ChessBase"]
[SourceDate "2007.05.31"]
[SourceVersion "1"]
[SourceVersionDate "2007.05.31"]
[SourceQuality "1"]
[WhiteTeam "Wattenscheid"]
[BlackTeam "Hamburger SK"]
[WhiteTeamCountry "GER"]
[BlackTeamCountry "GER"]

1. e4 d5 2. exd5 Qxd5 3. Nc3 Qa5 4. d4 Nf6 5. Nf3 Bf5 6. Bc4 e6 7. Bd2 c6 8. Nd5 Qd8 9. Nxf6+ Qxf6 10. Qe2 Bg4 11. d5 Bxf3 12. gxf3 cxd5 13. Bxd5 Nd7 14. 0-0-0 0-0-0 15. Be4 Qe5 16. f4 Qc7 17. f5 exf5 18. Bxf5 g6 19. Bc3 Bh6+ 20. Kb1 gxf5 21. Qh5 Qf4 22. Bd2 Qxd2 23. Rxd2 Bxd2 24. Qxf5 Rhe8 25. Rd1 Re1 26. Rxe1 Bxe1 27. c3 h6 28. Kc2 Re8 29. Qxf7 Rf8 30. Qc4+ Kd8 31. Qe4 Rxf2+ 32. Kd1 Rxh2 33. Qxe1 Rxb2 1/2-1/2

[Event "Bundesliga 0607"]
[Site "Germany"]
[Date "2007.02.04"]
[Round "9.5"]
[White "Tischbierek, Raj"]
[Black "Mueller, Karsten"]
[Result "1-0"]
[WhiteElo "2486"]
[BlackElo "2500"]
[PlyCount "59"]
[EventDate "2006.10.28"]
[EventType "team-tourn"]
[EventRounds "15"]
[EventCountry "GER"]
[SourceTitle "CBM 118"]
[Source "ChessBase"]
[SourceDate "2007.05.31"]
[SourceVersion "1"]
[SourceVersionDate "2007.05.31"]
[SourceQuality "1"]
[WhiteTeam "Kreuzberg"]
[BlackTeam "Hamburger SK"]
[WhiteTeamCountry "GER"]
[BlackTeamCountry "GER"]

1. e4 e6 2. d4 d5 3. Nc3 Nf6 4. e5 Nfd7 5. f4 c5 6. Nf3 Nc6 7. Be3 a6 8. Qd2 b5 9. a3 g5 10. fxg5 cxd4 11. Nxd4 Ndxe5 12. Bd3 Bg7 13. Nxc6 Nxc6 14. Bc5 Ne5 15. 0-0-0 Bb7 16. h4 Qc7 17. Bb4 0-0-0 18. Rhf1 Rd7 19. Kb1 Nc4 20. Bxc4 Qxc4 21. Rf4 Qc6 22. Rdf1 d4 23. Ne2 Qxg2 24. Rxf7 Rhd8 25. Ba5 Rxf7 26. Rxf7 Rd7 27. Qf4 Qxe2 28. Rf8+ Bxf8 29. Qxf8+ Rd8 30. Qxd8# 1-0

[Event "Bundesliga 0607"]
[Site "Germany"]
[Date "2006.12.10"]
[Round "6.5"]
[White "Mueller, Karsten"]
[Black "Prusikin, Michael"]
[Result "1-0"]
[WhiteElo "2500"]
[BlackElo "2560"]
[PlyCount "113"]
[EventDate "2006.10.28"]
[EventType "team-tourn"]
[EventRounds "15"]
[EventCountry "GER"]
[SourceTitle "CBM 116"]
[Source "ChessBase"]
[SourceDate "2007.02.01"]
[SourceVersion "1"]
[SourceVersionDate "2007.02.01"]
[SourceQuality "1"]
[WhiteTeam "Hamburger SK"]
[BlackTeam "Bindlach"]
[WhiteTeamCountry "GER"]
[BlackTeamCountry "GER"]

1. e4 e6 2. d4 d5 3. e5 c5 4. c3 Nc6 5. Nf3 Bd7 6. Be2 Nge7 7. h4 cxd4 8. cxd4 Qb6 9. Na3 Nf5 10. Nc2 Nb4 11. Nxb4 Bxb4+ 12. Kf1 Bb5 13. g4 Bxe2+ 14. Kxe2 Qa6+ 15. Qd3 Ne7 16. a3 Ba5 17. h5 h6 18. Be3 Rc8 19. Rac1 Kd7 20. Qxa6 bxa6 21. Kd3 Rb8 22. b4 Bd8 23. Bd2 a5 24. bxa5 Nc6 25. Rb1 Be7 26. a4 Nb4+ 27. Bxb4 Bxb4 28. a6 Rb6 29. Rb3 Rc8 30. Rhb1 Rc4 31. g5 Ba5 32. Rxb6 Bxb6 33. a5 Bxa5 34. Rb7+ Rc7 35. gxh6 gxh6 36. Ng5 Ke7 37. Nh7 f5 38. Nf6 Kf7 39. Nd7 Rc3+ 40. Ke2 Rc2+ 41. Kf1 Rc7 42. Nf6 Bb6 43. Ke2 Ke7 44. Kd3 Ba5 45. Ke3 Bb6 46. f3 Ba5 47. Ng8+ Kf7 48. Nxh6+ Kg7 49. Nxf5+ exf5 50. Kf4 Kf8 51. h6 Kg8 52. Rxc7 Bxc7 53. Kxf5 Bb6 54. Kg6 Bxd4 55. h7+ Kh8 56. e6 Bc5 57. f4 1-0

[Event "GER-chT Betriebe"]
[Site "Berlin"]
[Date "2006.10.05"]
[Round "2.1"]
[White "Bischoff, Ulrich"]
[Black "Mueller, Karsten"]
[Result "0-1"]
[WhiteElo "2114"]
[BlackElo "2500"]
[PlyCount "78"]
[EventDate "2006.10.05"]
[EventType "team-tourn"]
[EventRounds "7"]
[EventCountry "GER"]
[SourceTitle "EXT 2007"]
[Source "ChessBase"]
[SourceDate "2006.11.23"]
[SourceVersion "1"]
[SourceVersionDate "2006.11.23"]
[SourceQuality "1"]
[WhiteTeam "Wiesbaden"]
[BlackTeam "Hamburg RASI"]
[WhiteTeamCountry "GER"]
[BlackTeamCountry "GER"]

1. e4 d5 2. exd5 Qxd5 3. d4 Nc6 4. Nf3 Bg4 5. Be2 0-0-0 6. c3 e5 7. Be3 exd4 8. cxd4 Bxf3 9. Bxf3 Qb5 10. Bxc6 Qxc6 11. 0-0 Nf6 12. Na3 Bxa3 13. bxa3 Nd5 14. Qf3 Qf6 15. Qg4+ Kb8 16. Rfc1 Rhe8 17. Qg3 Qg6 18. Qf3 f6 19. Rab1 Qe4 20. Qg3 Re7 21. Rb3 Rde8 22. h3 h5 23. Rc5 b6 24. h4 Kc8 25. Rc1 Qf5 26. a4 a5 27. Rb5 Rd8 28. Bd2 Qg4 29. Qb3 Qxd4 30. Bxa5 Re2 31. Bxb6 Nxb6 32. Qh3+ Rd7 33. a5 Qxf2+ 34. Kh1 Re1+ 35. Rxe1 Qxe1+ 36. Kh2 Qe2 37. Rc5 Nc4 38. Qc3 Ne5 39. a6 Ng4+ 0-1

[Event "Bundesliga 0506"]
[Site "Germany"]
[Date "2006.04.02"]
[Round "15.4"]
[White "Braun, Arik"]
[Black "Mueller, Karsten"]
[Result "1-0"]
[WhiteElo "2465"]
[BlackElo "2489"]
[PlyCount "117"]
[EventDate "2005.10.21"]
[EventType "team-tourn"]
[EventRounds "15"]
[EventCountry "GER"]
[SourceTitle "EXT 2007"]
[Source "ChessBase"]
[SourceDate "2006.11.23"]
[SourceVersion "1"]
[SourceVersionDate "2006.11.23"]
[SourceQuality "1"]
[WhiteTeam "Eppingen"]
[BlackTeam "Hamburger SK"]
[WhiteTeamCountry "GER"]
[BlackTeamCountry "GER"]

1. d4 Nf6 2. c4 c5 3. d5 e6 4. Nc3 exd5 5. cxd5 d6 6. e4 g6 7. f4 Bg7 8. Bb5+ Nfd7 9. a4 0-0 10. Nf3 Na6 11. 0-0 Nb4 12. Re1 a6 13. Bf1 Re8 14. h3 f5 15. Ng5 Nf8 16. Bc4 h6 17. Nf3 fxe4 18. Nxe4 Bf5 19. Ng3 Bc2 20. Qd2 Qf6 21. Ra3 b6 22. Kh2 Qf7 23. Qf2 Qd7 24. Rxe8 Rxe8 25. Bxa6 Bxa4 26. Qf1 Rb8 27. Be2 Bc2 28. Ne1 Bb1 29. Bd2 Bxb2 30. Rb3 Qg7 31. Bxb4 cxb4 32. Nd3 Bxd3 33. Bxd3 Bc3 34. Bb5 Ra8 35. Ne4 Ra1 36. Qd3 Bd4 37. Rxb4 Bg1+ 38. Kg3 Re1 39. Nf2 Qe7 40. Kf3 Qh4 41. Qd2 Ra1 42. Rb3 Bh2 43. Ne4 Ra2 44. Qxa2 Qxf4+ 45. Ke2 Qxe4+ 46. Kf1 Qd4 47. Ke1 Qc5 48. Qd2 h5 49. Qc3 Qg1+ 50. Bf1 Bf4 51. Ke2 h4 52. Rb4 g5 53. Qd4 Qh2 54. Rxb6 g4 55. Rb3 Bg5 56. Rb7 Bh6 57. Qxg4+ Kh8 58. Qd4+ Kg8 59. Qf6 1-0

[Event "Bundesliga 0506"]
[Site "Germany"]
[Date "2006.02.19"]
[Round "11.5"]
[White "Mueller, Karsten"]
[Black "Dautov, Rustem"]
[Result "1-0"]
[WhiteElo "2489"]
[BlackElo "2581"]
[PlyCount "93"]
[EventDate "2005.10.21"]
[EventType "team-tourn"]
[EventRounds "15"]
[EventCountry "GER"]
[SourceTitle "CBM 112"]
[Source "ChessBase"]
[SourceDate "2006.06.07"]
[SourceVersion "1"]
[SourceVersionDate "2006.06.07"]
[SourceQuality "1"]
[WhiteTeam "Hamburger SK"]
[BlackTeam "Baden-Baden"]
[WhiteTeamCountry "GER"]
[BlackTeamCountry "GER"]

1. e4 c6 2. Nf3 d5 3. exd5 cxd5 4. Ne5 Nd7 5. d4 e6 6. Bd3 Ne7 7. 0-0 Nxe5 8. dxe5 Nc6 9. f4 Qb6+ 10. Kh1 Bd7 11. c3 0-0-0 12. Qe2 f6 13. Be3 Bc5 14. Bxc5 Qxc5 15. Nd2 fxe5 16. fxe5 Rdf8 17. Nf3 h6 18. Rac1 Qb6 19. b4 Kb8 20. a4 Rc8 21. Bb5 Rhf8 22. Qd2 a6 23. Bd3 Be8 24. b5 axb5 25. axb5 Ne7 26. Rfe1 Bg6 27. Bxg6 Nxg6 28. Nd4 Ne7 29. Ra1 Nf5 30. Qa2 Nxd4 31. cxd4 Kc7 32. Qa3 Kd7 33. Rf1 Rf5 34. g4 Rxf1+ 35. Rxf1 Kc7 36. Rc1+ Kb8 37. Rxc8+ Kxc8 38. Qf8+ Qd8 39. Qxg7 Qa5 40. Qf8+ Kd7 41. Qd6+ Kc8 42. Qxe6+ Kb8 43. Qd6+ Ka7 44. Qc5+ Kb8 45. Qf8+ Ka7 46. b6+ Qxb6 47. Qc5 1-0